All NFL Kickers of the 2020s - Statistics

General Stats
  • This quiz has been taken 178 times
  • The average score is 23 of 87
Answer Stats
# Starts Teams Quarterback % Correct
176 Ravens Justin Tucker
81%
177 Chiefs Harrison Butker
77%
185 Falcons, Giants Younghoe Koo
72%
138 Chargers, Eagles Cameron Dicker
68%
127 Cowboys Brandon Aubrey
67%
63 Jaguars Cam Little
65%
189 Broncos, Jaguars, Packers Brandon McManus
62%
195 Steelers Chris Boswell
62%
148 Bills, Cardinals, Lions Matt Prater
61%
34 Ravens Tyler Loop
59%
82 49ers, Bears, Commanders Jake Moody
57%
143 Bengals Evan McPherson
55%
170 Eagles Jake Elliott
55%
199 Texans Ka'imi Fairbairn
54%
178 Bears Cairo Santos
50%
181 49ers, Colts, Commanders, Rams Matt Gay
47%
135 Giants Graham Gano
46%
10 Commanders, Saints Brian Johnson
44%
204 Seahawks Jason Myers
44%
48 49ers, Jets, Packers Anders Carlson
43%
212 Raiders Daniel Carlson
43%
185 Jets, Patriots, Titans Nick Folk
43%
155 Bills Tyler Bass
41%
159 Broncos, Saints Will Lutz
41%
86 Giants, Packers Mason Crosby
40%
127 49ers, Jets, Panthers Eddy Pineiro
38%
78 49ers Robbie Gould
38%
65 Vikings Will Reichard
36%
166 Cowboys, Jets Greg Zuerlein
35%
63 Lions Jake Bates
35%
183 49ers, Commanders, Panthers, Patriots, Texans, Titans Joey Slye
34%
163 Browns, Buccaneers, Colts, Jaguars Chase McLaughlin
32%
26 Titans Stephen Gostkowski
32%
32 Patriots Andres Borregales
30%
105 Colts, Saints Blake Grupe
30%
161 Dolphins Jason Sanders
30%
13 Rams Harrison Mevis
28%
73 Cardinals, Commanders, Falcons, Panthers Zane Gonzalez
28%
56 Cardinals, Colts Rodrigo Blankenship
23%
27 Browns Andre Szmyt
22%
90 Cardinals, Patriots Chad Ryland
21%
45 Bengals, Browns, Commanders Cade York
20%
26 Falcons, Vikings John Parker Romo
20%
49 Rams Joshua Karty
20%
22 Vikings Dan Bailey
19%
99 Bears, Bills, Chargers, Colts, Lions, Titans Michael Badgley
19%
103 Browns, Dolphins, Falcons, Jaguars, Lions Riley Patterson
19%
141 Browns, Chargers, Commanders Dustin Hopkins
18%
2 Jaguars Jonathan Brown
18%
22 Browns Cody Parkey
17%
73 Cowboys, Rams, Saints Brett Maher
15%
111 Commanders, Giants, Jets, Vikings Greg Joseph
15%
66 49ers, Chiefs, Jaguars, Panthers, Steelers, Texans, Titans Matthew Wright
15%
29 Panthers Ryan Fitzgerald
15%
16 Saints Charlie Smyth
14%
83 Bengals, Giants, Titans Randy Bullock
14%
99 Buccaneers Ryan Succop
14%
57 Bengals, Browns, Commanders, Jets, Lions Austin Seibert
12%
19 Chiefs, Colts, Jets Spencer Shrader
12%
8 Jaguars Josh Lambo
11%
3 Giants Jude McAtamney
11%
24 Packers, Rams Lucas Havrisik
11%
35 Cardinals, Chiefs, Jets, Texans Matt Ammendola
10%
2 Jaguars Stephen Hauschka
10%
1 Texans Dare Ogunbowale
9%
3 Rams Kai Forbath
9%
8 Cardinals Mike Nugent
8%
16 Jaguars, Lions, Saints Aldrick Rosas
7%
8 Giants Ben Sauls
7%
6 Bengals, Chiefs, Falcons Elliott Fry
7%
2 Browns, Giants Jamie Gillan
7%
1 Buccaneers Bradley Pinion
6%
15 Jets Sam Ficken
6%
18 Packers, Titans Brayden Narveson
5%
5 Commanders Chris Blewitt
5%
4 Lions, Texans Dominik Eberle
5%
5 Panthers Lirim Hajrullahu
5%
2 49ers Mitch Wishnowsky
5%
3 Chargers Taylor Bertolet
5%
1 Browns Chris Naggar
4%
13 Rams, Titans Sam Sloman
4%
12 49ers, Cardinals, Chargers Tristan Vizcaino
4%
4 Titans Caleb Shudak
3%
2 Steelers Nick Sciba
3%
5 Lions, Panthers Ryan Santoso
3%
13 Jets Sergio Castillo
3%
1 Broncos Taylor Russolino
3%
No matching quizzes found
Score Distribution
Percent of People with Each Score
Percentile by Number Answered
Your Score History
You have not taken this quiz